| 000 | 01515nam a2200277 a 4500 | ||
|---|---|---|---|
| 001 | 000036065 | ||
| 005 | 20240316073920.0 | ||
| 008 | 111125s2012 dr 001 0 spa d | ||
| 020 | _a9789945074499 | ||
| 040 |
_aDO-SdBNP _bspa _cBNPHU |
||
| 082 |
_a972.93 _bP792c |
||
| 100 | 1 |
_aPonce de León, Santiago, _d18-?-1893 _962100 |
|
| 245 | 1 | 0 |
_aCuestiones políticas y sociales / _cSantiago Ponce de León ; editor Andrés Blanco Díaz. |
| 260 |
_aSanto Domingo : _bArchivo General de la Nación, _c2012. |
||
| 300 |
_a411 p. : _b23 cm. |
||
| 490 | 1 |
_aArchivo General de la Nación _v160 |
|
| 505 | 0 |
_tEl Dr Santiago Ponce de León y las cuestiones políticas y sociales / _rAndrés Blanco Díaz -- _tApuntes biográficos sobre la vida del eminente ciudadano Ulises P. Espaillat .. _tEstudio social -- _tCuestión Domínico-española -- _tDefensa del Opúsculo Cuestión Domínico-española -- _tEl 10 de septiembre en Santo Domingo -- _tVindicación -- _tTextos sueltos -- _tApéndice: Un opúsculo de actualidad -- _gÍndice onomástico. |
|
| 650 | 4 |
_aEnsayos venezolanos _94376 |
|
| 651 | 4 |
_aRepública Dominicana _xPolítica Y Gobierno _xEnsayos, Conferencias, Etc. _91167 |
|
| 651 | 4 |
_aRepública Dominicana _xCondiciones Sociales _xEnsayos, Conferencias, Etc. _91166 |
|
| 651 | 4 |
_aVenezuela _xCondiciones Sociales _xEnsayos, Conferencias, Etc. _962101 |
|
| 700 | 1 |
_aBlanco Díaz, Andrés _eed. _9172 |
|
| 830 | 0 |
_aArchivo General de la Nación _n160 _962102 |
|
| 910 | _aValidado. Control de calidad EMS. | ||
| 049 | _aBNPD | ||
| 999 |
_c35556 _d35556 |
||